000 01746nam a2200409 i 4500
003 EG-GICUC
005 20260309225538.0
008 260309s1983 ua ||||fr|||| 000 0 ara d
040 _a EG-GICUC
_bara
_c EG-GICUC
_d EG-GICUC
_erda
041 0 _aara
082 0 4 _221
_a341.6
_bم ح . أ
092 0 4 _221
099 _aLaw1 11 1983 341.6 م ح . أ
100 0 _aمحيي هلال السرحان ،
_eمؤلف مشارك.
245 1 0 _aأسرى الحرب فى الاسلام والقانون الدولي /
_cصادر عن مجلة الرسالة الاسلامية .
264 1 _aالعراق :
_bوزارة الأوقاف والشؤون الدينية ،
_c١٩٨٣ .
300 _a124 ؛ صفحة
_c24 سم
336 _2rda content
_atext
337 _2rda media
_aComputer
338 _2rda carrier
_aOnline Resource
504 _aيشتمل على ارجاعات ببليوجرافية
546 _aالنص باللغة العربية
650 1 4 _aالقانون الدولي
_2qrmak
650 1 4 _aالقانون الحربي
651 1 _2qrmak
700 0 _aلبيد ابراهيم ،
_eمؤلف مشارك.
700 0 _aرشدي عليان ،
_eمؤلف مشارك.
700 0 _aعبدالستار حامد ،
_eمؤلف مشارك.
700 0 _aنظام الدين عبدالحميد ،
_eمؤلف مشارك.
700 0 _aعبدالله محمد الجبوري ،
_eمؤلف مشارك.
700 0 _aابراهيم الدبو ،
_eمؤلف مشارك.
700 0 _aعبدالله عبدالحميد ،
_eمؤلف.
700 0 _aسهيل حسين الفتلاوي ،
_eمؤلف مشارك.
856 4 0 _uhttps://fll.law.cu.edu.eg/fulltext/bks/B11-04474.pdf
905 _a76
942 _2ddc
_cBK
_e21
_n0
999 _c65927
_d65927